000 00643nam a22001577a 4500
003 LRUA
005 20240328182055.0
008 240328b xxu||||| |||| 00| 0 eng d
040 _cRUA
082 _2AGR SEN 2019 B1-570 Or.
100 _916391
_aSENG SERYRATHANA សេង សេរីរត្តនា
245 _aCOMPARISON OF DIFFERENT PLANTING MATERIAL ON DRAGONFRUIT PROPAGATION ការប្រៀបធៀបផ្នែកនៃមែកពូជខុសៗគ្នាលើការពង្រីកពូជស្រការនាគ
260 _aPHNOM PENH
_bRUA
_c2019
300 _aIX.32P
_bVI.
_c29CM
942 _2ddc
_cAGR
999 _c22739
_d22739